1250 1656 1079 1415 1707 1090 1877 1044 1879 1174 1782 1133 1875 1850 1926 1212 1875 1994 1296 1477 1252 1175 1113 1954 1297 1843 1740 1753 1420 1888 1119 1521 1969 1949 1924 1268 1994 1304 1663 1098 1385 1039 1918 1739 1393 1683 1727 1507 1719 1960 1882 1818 1671 1982 1380 1294 1021 1891 1125 1275 1255 1031 1162 1677 1995 1523 1865 1751 1463 1870 1813 1608 1497 1772 1127 1140 1006 1364 1710 1049 1678 1580 1914 1078 1063 1220 1111 1710 1327 1231 1529 1837 1543 1704 1243 1959 1326 1464 1870 BCNSPRNW ULIB Ver.6.0+V

เปลี่ยนเป็นภาษาไทย

Change to English
 แสดงรายละเอียดบรรณานุกรม
  กลับหน้าหลัก

Brief Record : Get Marc (ISO 2709) : E-mail record : QR code < ปิดหน้าต่าง
LEADER : 00000nam 2200000uu 4500
001    13399124130
003     ULIB
008    150119s2556||||th 000 0 tha d
020    ^a9786163211903
060    ^aWM420^bด424ภ
100    ^aดาราวรรณ ต๊ะปินตา
245    ^aภาวะซึมเศร้า : การบำบัดและการให้การปรึกษา โดยการปรับความคิดและพฤติกรรม/^cดาราวรรณ ต๊ะปินตา
250    ^aพิมพ์ครั้งที่ 2
260    ^aเชียงใหม่ :^bวนิดาการพิมพ์,^c2556
300    ^a188 หน้า;^b26 ซม.
650    ^aภาวะซึมเศร้า^xการบำบัด
650  0 การให้การศึกษา
945    ^p300^l0^i038469
945    ^p300^l0^i038470
945    ^p300^l0^i038471
945    ^p300^l0^i038472
945    ^p300^l0^i038473
945    ^p300^l0^i038474
945    ^p300^l0^i038475
999    ^aเกษร โพธิ์สุวรรณ
รายการนี้ยังไม่มีแท็ก
คุณยังไม่ได้ล็อกอิน คุณสามารถมีกิจกรรมร่วมกับเว็บไซต์ได้ แต่ต้องล็อกอินก่อน ::
  ล็อกอิน

รายการสื่อสารสนเทศ

ลำดับที่ ประเภท เลขเรียก/บาร์โค้ด สถานที่ สถานะ
1. วิทยาศาสตร์การแพทย์ และสุขภาพ
หนังสือสำรอง
สถานะ=หนังสือสำรอง
WM420 ด424ภ ฉ.1 
  Barcode: 038469
ห้องสมุดวิทยาเขตสวรรค์ประชารักษ์
►ส่วนจัดเก็บหนังสือเก่า สปร
บนชั้น
  ขอยืม
2. วิทยาศาสตร์การแพทย์ และสุขภาพ
วิทยาศาสตร์การแพทย์ และสุขภาพ
WM420 ด424ภ ฉ.2 
  Barcode: 038470
ห้องสมุดวิทยาเขตสวรรค์ประชารักษ์
►ส่วนจัดเก็บหนังสือเก่า สปร
บนชั้น
  ขอยืม
3. วิทยาศาสตร์การแพทย์ และสุขภาพ
วิทยาศาสตร์การแพทย์ และสุขภาพ
WM420 ด424ภ ฉ.3 
  Barcode: 038471
ห้องสมุดวิทยาเขตสวรรค์ประชารักษ์
►ส่วนจัดเก็บหนังสือเก่า สปร
บนชั้น
  ขอยืม
4. วิทยาศาสตร์การแพทย์ และสุขภาพ
วิทยาศาสตร์การแพทย์ และสุขภาพ
WM420 ด424ภ ฉ.4 
  Barcode: 038472
ห้องสมุดวิทยาเขตสวรรค์ประชารักษ์
►ส่วนจัดเก็บหนังสือเก่า สปร
บนชั้น
  ขอยืม
5. วิทยาศาสตร์การแพทย์ และสุขภาพ
วิทยาศาสตร์การแพทย์ และสุขภาพ
WM420 ด424ภ ฉ.5 
  Barcode: 038473
ห้องสมุดวิทยาเขตสวรรค์ประชารักษ์
►ส่วนจัดเก็บหนังสือเก่า สปร
บนชั้น
  ขอยืม
6. วิทยาศาสตร์การแพทย์ และสุขภาพ
วิทยาศาสตร์การแพทย์ และสุขภาพ
WM420 ด424ภ ฉ.6 
  Barcode: 038474
ห้องสมุดวิทยาเขตสวรรค์ประชารักษ์
►ส่วนจัดเก็บหนังสือเก่า สปร
บนชั้น
  ขอยืม
7. วิทยาศาสตร์การแพทย์ และสุขภาพ
วิทยาศาสตร์การแพทย์ และสุขภาพ
WM420 ด424ภ ฉ.7 
  Barcode: 038475
ห้องสมุดวิทยาเขตสวรรค์ประชารักษ์
►ส่วนจัดเก็บหนังสือเก่า สปร
บนชั้น
  ขอยืม

รายการใกล้เคียง
    ผู้แต่ง [ดาราวรรณ ต๊ะปินตา]

BibComment


ยังไม่เคยถูกคอมเมนท์

คอมเมนท์ทรัพยากรรายการนี้
  คอมเมนท์: ภาวะซึมเศร้า กา..


 Copyright 2026. Bcnsprnw @Library